ბათუმის შოთა რუსთაველის სახელმწიფო უნივერსიტეტის ბიბლიოთეკა

საბჭოთა აჭარა 50 წლისაა / (ბიბ.ჩანაწერი № 63789)

000 -ლიდერი
ფიქსირებული სიგრძის საკონტროლო ველი 00936nam a2200193 4500
003 - საკონტროლო ნომრის იდენტიფიკატორი
საკონტროლო ველი Ge_BSU
005 - ბოლო ოპერაციის თარიღი და დრო
საკონტროლო ველი 20260114145151.0
008 - ფიქსირებული სიგრძის მონაცემთა ელემენტები - ზოგადი ინფორმაცია
ფიქსირებული სიგრძის საკონტროლო ველი 260114s1970 ge ||||| |||| 00| 0 geo d
041 ## - ენის კოდი
Language code of text/sound track or separate title geo
080 ## - უნივერსალური ათობითი კლასიფიკაციის ინდექსი
Universal Decimal Classification number 908(479.223) ნ-68
100 ## - მთავარი ჩანაწერი - პიროვნების სახელი
Personal name ნიჟარაძე, ნადიმი
9 (RLIN) 26676
245 ## - ცნობა სათაურის შესახებ
Title საბჭოთა აჭარა 50 წლისაა /
Statement of responsibility, etc ნადიმი ნიჟარაძე, ნადეჟდა ჯიბუტი; რედ. გ. მაჭუტაძე.
264 ## - წარმოების, გამოცემის, დისტრიბუციის და სხვა ცნობები
გამოცემის, წარმოების, დისტრიბუციის... ადგილი ბათუმი :
გამოცემის, წარმოების, დისტრიბუციის... სახელწოდება საბჭ. აჭარა,
გამოცემის, წარმოების, დისტრიბუციის... თარიღი 1970.
300 ## - ფიზიკური აღწერა
Extent 94 გვ. :
Other physical details 9 ფ. ილ. ;
Dimensions 16 სმ.
653 ## - INDEX TERM--UNCONTROLLED
Uncontrolled term კომუნისტური მშენებლობა აჭარაში
700 ## - ADDED ENTRY--PERSONAL NAME
Personal name ჯიბუტი, ნადეჟდა
Relator term ავტორი
9 (RLIN) 26677
700 ## - ADDED ENTRY--PERSONAL NAME
Personal name მაჭუტაძე, გ.
Relator term რედაქტორი
9 (RLIN) 26678
942 ## - ADDED ENTRY ELEMENTS (KOHA)
Source of classification or shelving scheme
Koha item type წიგნი
ეგზემპლარები
ჩამოწერის სტატუსი დაკარგული ეგზემპლარის სტატუსი კლასიფიკაციის წყარო ან თაროზე გაწყობის სქემა დაზიანების სტატუსი არ გაიცემა მუდმივი მდებარეობა (დაცვის ადგილი) ამჟამინდელი ადგილსამყოფელი თაროზე განთავსების ადგილი შეძენის თარიღი ღირებულება, შესყიდვის ნორმალური ფასი სრული შენახვის შიფრი შტრიხკოდი ბოლო ოპერაციის თარიღი ეგზემპლარის მიმდევრობითი ნომერი (კეტერი?) ფასის ძალაში შესვლის თარიღი ეგზემპლარის სახეობა საჯარო შენიშვნა
          ბათუმის შოთა რუსთაველის სახელმწიფო უნივერსიტეტის მთავარი ბიბლიოთეკა ბათუმის შოთა რუსთაველის სახელმწიფო უნივერსიტეტის მთავარი ბიბლიოთეკა წიგნსაცავი 2026-01-14 0.24 908(479.223) ნ-68 73427 2026-01-14 73427 2026-01-14 წიგნი 0.24 თ.
          ბათუმის შოთა რუსთაველის სახელმწიფო უნივერსიტეტის მთავარი ბიბლიოთეკა ბათუმის შოთა რუსთაველის სახელმწიფო უნივერსიტეტის მთავარი ბიბლიოთეკა წიგნსაცავი 2026-01-14 0.24 908(479.223) ნ-68 73428 2026-01-14 73428 2026-01-14 წიგნი 0.24 თ.
          ბათუმის შოთა რუსთაველის სახელმწიფო უნივერსიტეტის მთავარი ბიბლიოთეკა ბათუმის შოთა რუსთაველის სახელმწიფო უნივერსიტეტის მთავარი ბიბლიოთეკა წიგნსაცავი 2026-01-14 0.24 908(479.223) ნ-68 73429 2026-01-14 73429 2026-01-14 წიგნი 0.24 თ.
          ბათუმის შოთა რუსთაველის სახელმწიფო უნივერსიტეტის მთავარი ბიბლიოთეკა ბათუმის შოთა რუსთაველის სახელმწიფო უნივერსიტეტის მთავარი ბიბლიოთეკა წიგნსაცავი 2026-01-14 0.24 908(479.223) ნ-68 73430 2026-01-14 73430 2026-01-14 წიგნი 0.24 თ.
          ბათუმის შოთა რუსთაველის სახელმწიფო უნივერსიტეტის მთავარი ბიბლიოთეკა ბათუმის შოთა რუსთაველის სახელმწიფო უნივერსიტეტის მთავარი ბიბლიოთეკა წიგნსაცავი 2026-01-14 0.24 908(479.223) ნ-68 73431 2026-01-14 73431 2026-01-14 წიგნი 0.24 თ.
          ბათუმის შოთა რუსთაველის სახელმწიფო უნივერსიტეტის მთავარი ბიბლიოთეკა ბათუმის შოთა რუსთაველის სახელმწიფო უნივერსიტეტის მთავარი ბიბლიოთეკა წიგნსაცავი 2026-01-14 0.24 908(479.223) ნ-68 73432 2026-01-14 73432 2026-01-14 წიგნი 0.24 თ.